Random Animals by Picture #4 - Statistics

General Stats
  • This quiz has been taken 3 times
  • The average score is 3 of 18
Answer Stats
Picture Answer % Correct
Calf
100%
Mammoth
67%
Lamb
33%
Markhor
33%
Stegosaurus
33%
Triceratops
33%
Addax
0%
Bohlinia
0%
Columbian Mammoth
0%
Elephant Calf
0%
Foal
0%
Giraffe Calf
0%
Kid Goat
0%
Oxford Sheep
0%
Paraceratherium
0%
Sivatherium
0%
Totenko Chicken
0%
Zebra Foal
0%
No matching quizzes found
Score Distribution
Percent of People with Each Score
Percentile by Number Answered
Your Score History
You have not taken this quiz